000 00816nam a2200205 4500
999 _c14495
_d14495
008 190928b ||||| |||| 00| 0 eng d
022 _a00223514
082 _aDPer 302.05 J82 July-Sept 2016 v. 111, n. 1-3.
100 _aJosef, Anika K.
_941057
245 _aStability and change in risk-taking propensity across the adult life span/
_cAnika K. Josef [and five others].
260 _aWashington DC:
_bAmerican Psychological Association,
_c©2016.
300 _av111 n3, pages 430-450 :
_billustrations ;
_c27 cm.
650 _aLife
_xAdulthood.
_941051
700 _940062
_aRichter, David.
_eAuthor.
700 _940064
_aSamanez-Larkin, Gregory R.
_eAuthor.
700 _940065
_aWagner, Gert G.
_eAuthor.
700 _940066
_aHertwig, Ralph.
_eAuthor.
700 _940067
_aMata, Rui.
_eAuthor.
942 _2ddc
_cPER